<?xml version="1.0" encoding="UTF-8"?>
<collection xmlns="http://www.loc.gov/MARC21/slim">
  <record>
    <leader>00000nam  2200000   4500</leader>
    <controlfield tag="001">INLIS000000000011758</controlfield>
    <controlfield tag="005">20220216083421</controlfield>
    <datafield tag="035" ind1="#" ind2="#">
      <subfield code="a">0010-0222000039</subfield>
    </datafield>
    <controlfield tag="007">ta</controlfield>
    <controlfield tag="008">220216################g##########0#eng##</controlfield>
    <datafield tag="020" ind1="#" ind2="#">
      <subfield code="a">9067654507</subfield>
    </datafield>
    <datafield tag="082" ind1="#" ind2="#">
      <subfield code="a">338.959 8</subfield>
    </datafield>
    <datafield tag="084" ind1="#" ind2="#">
      <subfield code="a">338.959 8 ECO</subfield>
    </datafield>
    <datafield tag="245" ind1="#" ind2="#">
      <subfield code="a">Economic growth in Indonesia, 1820 -1940</subfield>
    </datafield>
    <datafield tag="260" ind1="#" ind2="#">
      <subfield code="a">Holland :</subfield>
      <subfield code="b">Foris Publications,</subfield>
      <subfield code="c">1989</subfield>
    </datafield>
    <datafield tag="300" ind1="#" ind2="#">
      <subfield code="a">300 hal. :</subfield>
      <subfield code="b">ilus. ;</subfield>
      <subfield code="c">24 cm</subfield>
    </datafield>
    <datafield tag="600" ind1="#" ind2="4">
      <subfield code="a">ekonomi</subfield>
    </datafield>
    <datafield tag="856" ind1="#" ind2="#">
      <subfield code="a">Perpustakaan LAN</subfield>
    </datafield>
    <datafield tag="990" ind1="#" ind2="#">
      <subfield code="a">170418798</subfield>
    </datafield>
  </record>
</collection>
